Musical Symbols Quiz - Statistics

General Stats
  • This quiz has been taken 5 times
  • The average score is 9 of 16
Answer Stats
Picture Answer % Correct
Bass Clef
100%
Repeat
100%
Treble Clef
100%
Alto Clef
75%
Coda
75%
Common Time
75%
Staff
75%
Decrescendo
50%
Fermata
50%
Glissando
50%
Key Signature
50%
Quarter Rest
50%
Dal Segno
0%
Inverted Mordent
0%
Turn
0%
Upper Mordent
0%
No matching quizzes found
Score Distribution
Percent of People with Each Score
Percentile by Number Answered
Your Score History
You have not taken this quiz